[Event "Challenge"]
[Site "http://www.queenalice.com/game.php?id=345637"]
[Date "2008.1.30"]
[Round "-"]
[White "Delikz"]
[Black "maverick"]
[Result "1/2-1/2"]
[WhiteElo "1457"]
[BlackElo "1496"]

1. e3 g6 2. Qg4 h5 3. Qd4 Nf6 4. h3 Bg7 5. g4 O-O 6. Nf3 Ne8 7. Qf4 d5 8. Qb4
Qd6 9. Qxd6 Nxd6 10. gxh5 f6 11. hxg6 Bf5 12. Bd3 Bxd3 13. cxd3 c6 14. Nd4 Bh6
15. b3 e5 16. Ne6 Rc8 17. Rg1 Nd7 18. Ba3 Ne8 19. Nc3 Ng7 20. Nc5 Nxc5 21. Bxc5
Ne6 22. Ba3 Kg7 23. d4 exd4 24. exd4 Bg5 25. h4 Bxh4 26. Be7 Re8 27. Bd6 Bg5 28.
Ne2 Kxg6 29. f4 Nxf4 30. Bxf4 Kf7 31. Bxg5 fxg5 32. Rxg5 Kf6 1/2-1/2

[Event "Challenge"]
[Site "http://www.queenalice.com/game.php?id=777421"]
[Date "2010.5.18"]
[Round "-"]
[White "Nefelibatas"]
[Black "Delikz"]
[Result "0-1"]
[WhiteElo "1427"]
[BlackElo "1454"]

1. e4 e5 2. Nf3 Nf6 3. d4 exd4 4. Nxd4 Nxe4 5. Qe2 Qe7 6. Nf5 Qe6 7. Nd4 Qe5 8.
Qe3 Bc5 9. c3 Bxd4 10. cxd4 Qe7 11. Bd3 Nf6 12. Qxe7+ Kxe7 13. O-O Nc6 14. Re1+
Kf8 15. Bg5 Nxd4 16. Nc3 h6 17. Bf4 d6 18. Be3 Nc6 19. a3 a6 20. Bc4 Be6 21.
Bxe6 fxe6 22. f4 Re8 23. Bd2 Nd4 24. Rac1 Nb3 25. Rc2 g5 26. Rf1 gxf4 27. Rxf4
Ke7 28. Ne2 c5 29. Rc3 Nxd2 30. Nc1 Nd5 31. Rd3 Nxf4 32. Rxd2 Rhg8 33. g3 Ref8
34. Rd1 h5 35. Kf2 Nd3+ 36. Ke2 Nxc1+ 37. Rxc1 h4 38. gxh4 Rg2+ 39. Kd3 Rh8 40.
Rc3 b5 41. b4 c4+ 42. Rxc4 bxc4+ 43. Kxc4 Rc8+ 44. Kb3 Rxh2 45. Ka4 Rxh4 46. Ka5
Rc3 47. Ka4 a5 48. Kb5 axb4 49. Kb6 bxa3 50. Kb5 a2 51. Kb6 a1=Q 52. Kb5 Qb1+
53. Ka5 Ra3# 0-1

[Event "Challenge"]
[Site "http://www.queenalice.com/game.php?id=777422"]
[Date "2010.5.18"]
[Round "-"]
[White "Delikz"]
[Black "MASTROIANNI"]
[Result "1-0"]
[WhiteElo "1469"]
[BlackElo "1467"]

1. Nf3 d5 2. e3 Nf6 3. h3 Nc6 4. Bb5 Bf5 5. Bxc6+ bxc6 6. d4 e6 7. a3 c5 8. Qe2
c4 9. O-O c6 10. Ne5 Qc7 11. g4 Be4 12. g5 Nd7 13. f4 Bd6 14. Qh5 O-O 15. Nxd7
Qxd7 16. Rf2 g6 17. Qh6 Rfe8 18. Nc3 Bf8 19. Qh4 Bg7 20. Nd1 Re7 21. c3 Rf8 22.
b4 cxb3 23. Rb2 Bc2 24. Nf2 f6 25. gxf6 Bxf6 26. Qh6 1-0

[Event "Challenge"]
[Site "http://www.queenalice.com/game.php?id=782487"]
[Date "2010.5.29"]
[Round "-"]
[White "Delikz"]
[Black "ananda"]
[Result "0-1"]
[WhiteElo "1469"]
[BlackElo "1470"]

1. e3 d5 2. h3 e5 3. Nf3 Nc6 4. Bb5 Ne7 5. Bxc6+ Nxc6 6. O-O Bd6 7. Nc3 Ne7 8.
Qe2 e4 9. Nd4 Bd7 10. f4 c6 11. a3 O-O 12. b4 a6 13. Bb2 Nf5 14. Qe1 Be7 15.
Nxf5 Bxf5 16. g4 Bh4 17. Qe2 Bd7 18. Qh2 f5 19. g5 Bxg5 20. fxg5 Qxg5+ 21. Kh1
Qh5 22. Qc7 Qxh3+ 23. Kg1 Rf6 24. Qxd7 Qg3+ 25. Kh1 Rh6# 0-1

[Event "Challenge"]
[Site "http://www.queenalice.com/game.php?id=795782"]
[Date "2010.6.27"]
[Round "-"]
[White "fieldesigner"]
[Black "Delikz"]
[Result "1-0"]
[WhiteElo "1513"]
[BlackElo "1484"]

1. e4 Nf6 2. Nc3 e5 3. Bc4 Bb4 4. Qf3 Bxc3 5. Qxc3 d6 6. d3 Qe7 7. Nf3 Bd7 8.
Ng5 d5 9. exd5 b5 10. d6 b4 11. Bxf7+ Kd8 12. dxe7+ Kxe7 13. Qxb4+ Kd8 14. Qb7
Bc6 15. Ne6+ Kd7 16. Qxc7# 1-0

[Event "Challenge"]
[Site "http://www.queenalice.com/game.php?id=797340"]
[Date "2010.7.1"]
[Round "-"]
[White "RJohnson"]
[Black "Delikz"]
[Result "0-1"]
[WhiteElo "1434"]
[BlackElo "1485"]

1. Nf3 d6 2. Nc3 Bg4 3. h3 Bxf3 4. exf3 a6 5. b3 e5 6. Bd3 Qg5 7. O-O h5 8. Bc4
Rh6 9. Nd5 Kd8 10. g3 h4 11. f4 Qf5 12. Kh2 hxg3+ 13. fxg3 Qxh3+ 14. Kg1 Qh2#
0-1

[Event "Challenge"]
[Site "http://www.queenalice.com/game.php?id=804349"]
[Date "2010.7.16"]
[Round "-"]
[White "Dracon83"]
[Black "Delikz"]
[Result "1-0"]
[WhiteElo "1621"]
[BlackElo "1462"]

1. d4 Nc6 2. e4 e6 3. Be3 Qf6 4. Bd3 Nh6 5. Nf3 Bb4+ 6. c3 Bf8 7. d5 Ne5 8. Nxe5
Qxe5 9. f4 Qf6 10. e5 Qe7 11. dxe6 fxe6 12. Qf3 c6 13. b4 d6 14. exd6 Qxd6 15.
Bc5 Qd7 16. Bxf8 Kxf8 17. O-O Qd5 18. Be4 Qc4 19. Na3 Qa6 20. Nc2 g6 21. Nd4 Ke7
22. a4 Bd7 23. b5 Qb6 24. a5 Qc5 25. Kh1 e5 26. fxe5 Qxe5 27. bxc6 bxc6 28. Bxc6
Rhf8 29. Qg3 Rxf1+ 30. Rxf1 Qxg3 31. hxg3 Bxc6 32. Nxc6+ Kd7 33. Ne5+ Ke6 34.
Re1 Kf6 35. c4 Rc8 36. Nd7+ Kg5 37. c5 Nf5 38. Re5 Kh6 39. Kh2 Rd8 40. c6 Rc8
41. Rc5 Nd4 42. Ne5 Ne6 43. Rb5 Nc7 44. Nf7+ Kg7 45. Nd6 Rd8 46. Rb7 Kh6 47.
Nf7+ 1-0

[Event "Challenge"]
[Site "http://www.queenalice.com/game.php?id=804376"]
[Date "2010.7.16"]
[Round "-"]
[White "mentat59"]
[Black "Delikz"]
[Result "1-0"]
[WhiteElo "1561"]
[BlackElo "1482"]

1. e4 Nf6 2. e5 Ne4 3. Nc3 Ng5 4. d4 Ne6 5. Nf3 c6 6. Bc4 d5 7. Bb3 b5 8. Ne2 h6
9. c3 g5 10. Be3 f5 11. exf6 exf6 12. Qd3 g4 13. Nh4 Rg8 14. Qh7 Rg7 15. Qd3 Ng5
16. Nf5 Rf7 17. Neg3 Ne6 18. Bxh6 Bb7 19. Nh5 Bxh6 20. Nxh6 Re7 21. Nxf6+ Kf8
22. O-O Nf4 23. Qf5 Qc7 24. Nxd5+ Rf7 25. Nxf7 Qxf7 26. Qxf7+ Kxf7 27. Nxf4+ Ke7
28. Rfe1+ Kd6 29. Re6+ Kd7 30. Rae1 Na6 31. Re7+ Kd6 32. R1e6# 1-0

[Event "Challenge"]
[Site "http://www.queenalice.com/game.php?id=811105"]
[Date "2010.7.30"]
[Round "-"]
[White "Delikz"]
[Black "maxpredador"]
[Result "0-1"]
[WhiteElo "1485"]
[BlackElo "1612"]

1. e4 d5 2. exd5 Qxd5 3. Nc3 Qe6+ 4. Be2 Qg6 5. g3 c6 6. f4 Nf6 7. Bd3 Bf5 8.
Qe2 e6 9. Qe5 Bxd3 10. cxd3 Qxd3 11. Qc7 Nbd7 12. Qxb7 Rd8 13. Qxc6 Be7 14. Nb5
O-O 15. Nxa7 Bc5 16. Nb5 Rb8 17. Nc3 Rfc8 18. Qf3 Qf5 19. h3 e5 20. g4 Qe6 21.
f5 Qe7 22. g5 e4 23. Qe2 Ne8 24. Qxe4 Qxg5 25. d4 Qg3+ 26. Ke2 Nef6 27. Qe3 Re8
28. Ne4 Rxe4 29. Qxe4 Nxe4 30. dxc5 Qg2+ 31. Kd1 Qxh1 32. Be3 Nexc5 33. b4 Rxb4
34. Rc1 Qd5+ 35. Kc2 Qd3# 0-1

[Event "Challenge"]
[Site "http://www.queenalice.com/game.php?id=814322"]
[Date "2010.8.6"]
[Round "-"]
[White "Delikz"]
[Black "Eliasz"]
[Result "0-1"]
[WhiteElo "1482"]
[BlackElo "1734"]

1. d4 Nf6 2. c3 d5 3. Bg5 e6 4. Qd3 Bd6 5. f4 h6 6. Bxf6 Qxf6 7. g3 c5 8. Qb5+
Bd7 9. Qxb7 Bc6 10. Qc8+ Qd8 11. Qxd8+ Kxd8 12. Nf3 Nd7 13. Bh3 c4 14. O-O a5
15. Nh4 a4 16. f5 e5 17. f6 Nxf6 18. Nf5 Kc7 19. Nxg7 exd4 20. Rxf6 dxc3 21.
Rxf7+ Kb6 22. bxc3 Raf8 23. Rxf8 Rxf8 24. Nf5 Ba3 25. Nd2 Bb2 26. Rb1 a3 27.
Nxh6 Rh8 28. Nf7 Rxh3 29. Ne5 Kc5 30. Rf1 Rh6 31. Rf8 Bxc3 32. Ndf3 d4 33. Rf4
Bxf3 34. Rxf3 Kb4 35. Rf4 Re6 36. Re4 Bb2 37. g4 Rxe5 38. Rxe5 c3 39. Re6 c2 40.
Rc6 Bc3 41. Rb6+ Kc5 42. Rb8 c1=Q+ 43. Kf2 Qf4+ 0-1

[Event "Challenge"]
[Site "http://www.queenalice.com/game.php?id=814323"]
[Date "2010.8.6"]
[Round "-"]
[White "Delikz"]
[Black "kisarsk"]
[Result "0-1"]
[WhiteElo "1476"]
[BlackElo "1521"]

1. d4 d5 2. e3 e6 3. Nc3 Nf6 4. Bd3 Bb4 5. Ne2 Ng4 6. a3 Ba5 7. b4 Bb6 8. a4 c6
9. Ng3 Na6 10. Qxg4 g6 11. a5 Bc7 12. Bb2 Nxb4 13. Ra4 Nxd3+ 14. Kd2 Nxb2 15.
Rb4 Nc4+ 16. Kd3 Be5 17. e4 Bg7 18. exd5 exd5 19. Qe2+ Be6 20. Ra1 Qh4 21. Rxb7
Bxd4 22. Rc7 Nb2+ 23. Kd2 Qf4+ 24. Ke1 Qxc7 25. Rb1 Bxc3+ 26. Kf1 O-O 27. a6 Bc8
28. h4 Qb6 29. h5 Bxa6 30. Qxa6 Qxa6+ 31. Kg1 Qa4 32. Rc1 Rfe8 33. hxg6 fxg6 34.
Rf1 Qxc2 35. Kh2 Re5 36. f4 Re3 37. Kh3 Bf6 38. Kh2 Rxg3 39. Kxg3 Qd3+ 40. Rf3
Qe2 41. Rf2 Qe1 42. Kf3 Bh4 43. g3 Qe4+ 44. Kg4 Be7 45. Rxb2 h5+ 46. Kh3 Qh1+
47. Rh2 Qf3 48. Rg2 Rb8 49. Rh2 Rb3 50. Rg2 Qg4+ 51. Kh2 h4 52. Rg1 Rb2+ 53. Rg2
Qxg3+ 0-1

[Event "Challenge"]
[Site "http://www.queenalice.com/game.php?id=817618"]
[Date "2010.8.13"]
[Round "-"]
[White "Delikz"]
[Black "mario18"]
[Result "1-0"]
[WhiteElo "1462"]
[BlackElo "1628"]

1. e4 e5 2. Nf3 Nc6 3. Bb5 d6 4. b4 Be7 5. g3 Nf6 6. h3 Nxe4 7. d3 Nf6 8. a3 O-O
9. Bxc6 bxc6 10. g4 Bb7 11. Rg1 a5 12. g5 Nh5 13. c3 g6 14. h4 Re8 15. Nh2 Bc8
16. Nd2 d5 17. Qf3 c5 18. c4 dxc4 19. Qxa8 Qxd3 20. bxa5 Bd7 21. Qb7 Nf4 22. Qf3
Bc6 23. Qxd3 cxd3 24. Bb2 Ne2 25. Rf1 Bg2 26. Bxe5 Bxg5 27. Nhf3 Bf4 28. Bxf4
Nxf4+ 29. Kd1 Bxf1 30. Nxf1 Ra8 31. Kd2 Rxa5 32. Ke3 Nh3 33. Rb1 c4 34. Rb8+ Kg7
35. N1d2 c3 36. Nc4 Nxf2 37. Nxa5 c2 38. Nb3 1-0

[Event "Challenge"]
[Site "http://www.queenalice.com/game.php?id=818206"]
[Date "2010.8.14"]
[Round "-"]
[White "WILTER"]
[Black "Delikz"]
[Result "1-0"]
[WhiteElo "1515"]
[BlackElo "1462"]

1. e4 Nf6 2. Nc3 e5 3. Bc4 Bb4 4. Nge2 d6 5. d3 Bg4 6. f3 Bh5 7. Bg5 h6 8. Bh4
g5 9. Bf2 a6 10. a3 Bxc3+ 11. Nxc3 b5 12. Bb3 c5 13. Bd5 Nxd5 14. Nxd5 Kf8 15.
c3 Rg8 16. h3 Nc6 17. g4 Bg6 18. h4 Ne7 19. Nf6 Rg7 20. d4 Nc6 21. hxg5 cxd4 22.
gxh6 Qxf6 23. hxg7+ Kxg7 24. cxd4 exd4 25. Rc1 Ne5 26. Rh3 d3 27. Bd4 Qf4 28.
Qd2 Qf6 29. Qh6+ Kg8 30. g5 Qg7 31. Qxg7+ Kxg7 32. f4 Kg8 33. fxe5 dxe5 34. Bxe5
Bh7 35. Kd2 a5 36. Rc7 Re8 37. Bf6 b4 38. g6 fxg6 39. Rhxh7 Rxe4 40. Rh8# 1-0

[Event "Challenge"]
[Site "http://www.queenalice.com/game.php?id=819757"]
[Date "2010.8.17"]
[Round "-"]
[White "Delikz"]
[Black "chesterbra"]
[Result "0-1"]
[WhiteElo "1489"]
[BlackElo "1681"]

1. e4 c5 2. c3 e6 3. Nf3 Nf6 4. g3 d5 5. e5 Ng4 6. d4 cxd4 7. Nxd4 Nxe5 8. Bf4
Bd6 9. Bxe5 Bxe5 10. Nb5 a6 11. Qa4 O-O 12. N5a3 Bd7 13. Qb4 b5 14. f4 Nc6 15.
Qb3 Na5 16. Qc2 Bd6 17. b4 Nc6 18. Nd2 Rc8 19. Qd3 e5 20. Qxd5 Bf5 21. fxe5 Qe7
22. Qxd6 Rfe8 23. Qxe7 Rxe7 24. Be2 Rxe5 25. O-O Bh3 26. Rf2 Rce8 27. Re1 Bg4
28. Kf1 Bf5 29. Nf3 Bh3+ 30. Kg1 Re3 31. Ng5 Bg4 32. Nc2 Rxe2 33. Rexe2 Bxe2 34.
Nd4 Nxd4 35. cxd4 f6 36. Nf3 g5 37. d5 Bc4 38. Rd2 Kf7 39. Nd4 Bxd5 40. Nf5 Re5
41. Nh6+ Kg6 42. Ng4 Re4 43. h3 Re1+ 44. Kf2 Ra1 45. Rxd5 Rxa2+ 46. Ke1 h5 47.
Ne3 Rh2 48. h4 Rh3 0-1

[Event "Challenge"]
[Site "http://www.queenalice.com/game.php?id=823746"]
[Date "2010.8.26"]
[Round "-"]
[White "Rolli"]
[Black "Delikz"]
[Result "1-0"]
[WhiteElo "1500"]
[BlackElo "1485"]

1. e4 Nf6 2. e5 Ng8 3. d4 e6 4. Nf3 b6 5. g3 Bb7 6. Bg2 Bxf3 7. Bxf3 d5 8. exd6
Qxd6 9. Bxa8 c6 10. Bf4 Qb4+ 11. Nd2 Qxd4 12. Bxb8 Qd8 13. Bxc6+ Ke7 14. Bf4 Qd4
15. Nb3 Qxb2 16. Bg5+ f6 17. Qd7# 1-0

[Event "Challenge"]
[Site "http://www.queenalice.com/game.php?id=827473"]
[Date "2010.9.3"]
[Round "-"]
[White "Delikz"]
[Black "FRANKENSTEIN_"]
[Result "0-1"]
[WhiteElo "1481"]
[BlackElo "1598"]

1. e4 e5 2. Nf3 d6 3. Bb5+ c6 4. Be2 Nf6 5. d3 Nbd7 6. Qd2 g6 7. d4 exd4 8. Qxd4
c5 9. Qa4 Bg7 10. Bg5 O-O 11. Bxf6 Bxf6 12. c3 Nb6 13. Qd1 Bg4 14. O-O d5 15.
Nfd2 Bxe2 16. Qxe2 dxe4 17. Nxe4 Bg7 18. Nxc5 Qc7 19. Ne4 Rfe8 20. Qd3 Rad8 21.
Qf3 Nd5 22. Ng5 Nf6 23. Na3 Rd2 24. b4 Ree2 25. Rae1 Rxe1 26. Rxe1 Rxa2 27. Nb5
Qb6 28. Nd4 Qa6 29. Ne4 Nd5 30. g4 Bxd4 31. cxd4 Ra3 32. Qd1 Nxb4 33. Ng5 Qf6
34. Ne4 Qf4 35. h4 Rh3 36. Ng5 Qh2+ 37. Kf1 Rd3 38. Qa4 Nc6 39. Qc4 Qf4 40. Qxd3
Nxd4 41. Re8+ Kg7 42. Qc4 h6 43. Nh3 Qxg4 44. Ke1 Nf3+ 45. Kf1 Qxc4+ 46. Kg2
Nxh4+ 47. Kg3 Nf5+ 0-1